[Event "POL-chT 2nd League"]
[Site "Szczyrk"]
[Date "2014.09.13"]
[Round "8.88"]
[White "Baranski, Miroslaw"]
[Black "Szczesniak, Konrad"]
[Result "0-1"]
[WhiteElo "1818"]
[BlackElo "2112"]
[PlyCount "116"]
[EventDate "2014.09.06"]
[EventType "team-swiss"]
[EventRounds "9"]
[EventCountry "POL"]
[SourceTitle "EXT 2015"]
[Source "ChessBase"]
[SourceDate "2014.11.20"]
[SourceVersion "1"]
[SourceVersionDate "2014.11.20"]
[SourceQuality "1"]
[WhiteTeam "Siedlce KSz Skoczek"]
[BlackTeam "Prudnik LKS Zarzewie"]
[WhiteTeamCountry "POL"]
[BlackTeamCountry "POL"]

1. d4 Nf6 2. c4 g6 3. Nc3 Bg7 4. e4 d6 5. Nf3 0-0 6. g3 e5 7. d5 Nbd7 8. Bg2 Nc5 9. Qc2 c6 10. Bg5 h6 11. Bxf6 Qxf6 12. b4 Na6 13. Rb1 Nc7 14. 0-0 cxd5 15. cxd5 Bd7 16. b5 Rfc8 17. Qd3 a6 18. bxa6 Nxa6 19. Rfc1 Nc5 20. Qe2 Ra3 21. Nd2 b5 22. Nxb5 Bxb5 23. Qxb5 Rxa2 24. Rb2 Rca8 25. Rcb1 h5 26. Rxa2 Rxa2 27. Rb2 Rxb2 28. Qxb2 Qxf2+ 29. Kxf2 Nd3+ 30. Ke2 Nxb2 31. Bh3 Bh6 32. Bd7 Bxd2 33. Kxd2 Nc4+ 34. Kd3 Nb6 35. Bh3 Na4 36. Ke3 Nc5 37. Bc8 Kg7 38. h4 Nb3 39. Bd7 Nd4 40. Ba4 Kf6 41. Bd1 Ke7 42. Kd3 f5 43. Ke3 Kf6 44. Ba4 Kf7 45. Bd7 fxe4 46. Kxe4 Kf6 47. Be8 Nf5 48. Kf3 Ng7 49. Bb5 g5 50. hxg5+ Kxg5 51. Be2 Ne8 52. Bd1 Nf6 53. Bb3 e4+ 54. Kf2 Kf5 55. Bd1 Ke5 56. Kg2 Kxd5 57. Kh3 Ke5 58. Kh4 d5 0-1

[Event "POL-chT 2nd League"]
[Site "Szczyrk"]
[Date "2014.09.07"]
[Round "2.88"]
[White "Walaszczyk, Witold"]
[Black "Baranski, Miroslaw"]
[Result "1-0"]
[WhiteElo "2155"]
[BlackElo "1818"]
[PlyCount "73"]
[EventDate "2014.09.06"]
[EventType "team-swiss"]
[EventRounds "9"]
[EventCountry "POL"]
[SourceTitle "EXT 2015"]
[Source "ChessBase"]
[SourceDate "2014.11.20"]
[SourceVersion "1"]
[SourceVersionDate "2014.11.20"]
[SourceQuality "1"]
[WhiteTeam "Konin Hetman"]
[BlackTeam "Siedlce KSz Skoczek"]
[WhiteTeamCountry "POL"]
[BlackTeamCountry "POL"]

1. d4 d5 2. Nf3 Nf6 3. g3 e6 4. Bg2 Be7 5. c4 0-0 6. 0-0 c6 7. b3 b6 8. Bb2 Nbd7 9. Qc2 Bb7 10. Nbd2 Rc8 11. e4 Nxe4 12. Nxe4 dxe4 13. Qxe4 Nf6 14. Qc2 c5 15. Rad1 Qc7 16. dxc5 Be4 17. Qe2 Qxc5 18. Bd4 Qa5 19. a3 Qxa3 20. Bxf6 Bxf3 21. Bxe7 Bxe2 22. Bxa3 Bxf1 23. Kxf1 Rfd8 24. Ke2 f6 25. Rxd8+ Rxd8 26. b4 Rd4 27. c5 bxc5 28. bxc5 Ra4 29. Bc1 Ra2+ 30. Bd2 Rc2 31. c6 Kf7 32. Ke3 Rxd2 33. Kxd2 Ke7 34. Kc3 Kd6 35. Kb4 f5 36. f4 g5 37. Kb5 1-0

[Event "Mazowiec-chT 1314"]
[Site "Poland"]
[Date "2014.01.19"]
[Round "3.4"]
[White "Kaczmarska, Joanna"]
[Black "Baranski, Miroslaw"]
[Result "1-0"]
[WhiteElo "1741"]
[BlackElo "1844"]
[PlyCount "107"]
[EventDate "2014.01.12"]
[EventType "team-tourn"]
[EventRounds "10"]
[EventCountry "POL"]
[SourceTitle "EXT 2019"]
[Source "ChessBase"]
[SourceDate "2018.10.10"]
[SourceVersion "1"]
[SourceVersionDate "2018.10.10"]
[SourceQuality "1"]

1. d4 d5 2. c4 e6 3. Nc3 Nf6 4. cxd5 exd5 5. Bg5 Be7 6. e3 0-0 7. Bd3 c6 8. Qc2 h6 9. Bh4 Nbd7 10. Nf3 Re8 11. 0-0 Nh5 12. Bxe7 Rxe7 13. Rab1 a5 14. Ra1 Nhf6 15. a3 b5 16. b4 Bb7 17. Nd2 Nb6 18. Nb3 axb4 19. axb4 Nc4 20. Rxa8 Bxa8 21. Ra1 Nd7 22. Ra6 Bb7 23. Ra7 Qb8 24. Ra1 Ndb6 25. Qa2 Qa8 26. Qxa8+ Bxa8 27. Bxc4 dxc4 28. Nc5 Re8 29. Ra7 Rb8 30. Na6 Rb7 31. Rxb7 Bxb7 32. Nc5 Bc8 33. e4 Kf8 34. f3 Ke7 35. Kf2 f6 36. g4 Be6 37. Kg3 g5 38. h4 Bd7 39. hxg5 hxg5 40. f4 Bc8 41. f5 Kd6 42. Kf3 Bd7 43. Ke3 Bc8 44. e5+ fxe5 45. N5e4+ Ke7 46. dxe5 Bd7 47. Nxg5 Na4 48. Kd4 Nb2 49. f6+ Kf8 50. e6 Bxe6 51. Nxe6+ Kf7 52. Ke5 Nd3+ 53. Kf5 Nxb4 54. g5 1-0

[Event "Mazowiec-chT 1112"]
[Site "Poland"]
[Date "2012.02.19"]
[Round "7.25"]
[White "Brewczynski, Robert"]
[Black "Baranski, Miroslaw"]
[Result "1/2-1/2"]
[WhiteElo "2100"]
[BlackElo "1800"]
[PlyCount "38"]
[EventDate "2012.01.08"]
[EventType "team-tourn"]
[EventRounds "10"]
[EventCountry "POL"]
[SourceTitle "EXT 2019"]
[Source "ChessBase"]
[SourceDate "2018.10.10"]
[SourceVersion "1"]
[SourceVersionDate "2018.10.10"]
[SourceQuality "1"]

1. d4 d5 2. Nf3 Nf6 3. c4 e6 4. Bg5 Be7 5. e3 0-0 6. Nc3 Nbd7 7. Bd3 c6 8. 0-0 h6 9. Bh4 Nh5 10. Bxe7 Qxe7 11. a3 a5 12. Rc1 Nhf6 13. h3 Rd8 14. Qe2 e5 15. dxe5 Nxe5 16. Nxe5 Qxe5 17. cxd5 Nxd5 18. Nxd5 Rxd5 19. Bc4 Rd8 1/2-1/2